Essonne - Statistiques

Statistiques générales
  • Ce quiz a été pris 43 fois
    41 depuis la dernière actualisation
  • Le résultat moyen est 12 sur 20
Statistiques - réponses
Hint Réponse % Correct
Sous préfecture dans le Sud Etampes
86%
Gare étant une correspondance entre le RER D et le T12 Evry-Courcouronnes
83%
Commune où est située une prison Fleury Mérogis
81%
Préfixe de communes comme Savigny, Brétigny... -sur Orge
78%
Commune commençant par Y Yerres
78%
Code postal d'Evry Courcouronnes 91 000
75%
2e commune en termes d'habitants Corbeil-Essonnes
72%
Technopôle scientifique et technologique Paris-Saclay
72%
Gare de correspondance entre le RER C et le RER D Juvisy sur Orge
69%
Commune commençant par W dans le Nord Wissous
67%
Nombre de lignes de grands transports traversant le département 8
61%
Grande forêt au Nord-Est Forêt domaniale de Sénart
56%
Ligne de transilien ayant Massy-Palaiseau pour terminus V
56%
Terminus de la ligne de métro 14 Aéroport d'Orly
47%
Ligne de tramway ayant pour terminus Porte de l'Essonne T7
47%
Gare du RER C entre Lardy et Etrechy Chamarande
42%
Dernière station du RER B avant les Yvelines Courcelle sur Yvette
42%
Gare de RER à Grigny Grigny Centre
42%
Terminus Ouest-Centre du RER C Dourdan La Forêt
39%
Station du T12 après Massy-Palaiseau Massy-Europe
36%
Aucun quiz correspondant
Distribution des résultats
% des personnes avec chaque résultat
Percentile par nombre de réponses
Votre historique - résultats
Vous n’avez pas pris ce quiz depuis la dernière actualisation